Befejeződött a népművelők nyári tanfolyama
Elmentve itt :
| Szerző: | |
|---|---|
| Dokumentumtípus: | Cikk |
| Megjelent: |
1963-07-14
|
| Sorozat: | Délmagyarország
53 No. 163 |
| Kulcsszavak: | Barna László, Népművelés Szeged és vidéke 1963, közművelődés |
| Online Access: | http://dmarchiv.bibl.u-szeged.hu/72599 |
| LEADER | 00525nab a2200157 i 4500 | ||
|---|---|---|---|
| 001 | delm72599 | ||
| 005 | 20180928082635.0 | ||
| 008 | 180928s1963 hu o 0|| hun d | ||
| 040 | |a SZTE Délmagyarország Archívum |b hun | ||
| 041 | |a hun | ||
| 100 | 1 | |a Németh Ferenc | |
| 245 | 1 | 0 | |a Befejeződött a népművelők nyári tanfolyama |h [elektronikus dokumentum] / |c Németh Ferenc |
| 260 | |c 1963-07-14 | ||
| 300 | |a 3 | ||
| 490 | 0 | |a Délmagyarország |v 53 No. 163 | |
| 695 | |a Barna László, Népművelés Szeged és vidéke 1963, közművelődés | ||